Fairy Tail - Top 10 des Pouvoirs sous-exploités (Lisez la description) - Statistiques

Statistiques générales
  • Ce quiz a été pris 61 fois
  • Le résultat moyen est 2 sur 10
Statistiques - réponses
Rang Mage % Correct
06 Ultia Milkovich
51%
09 Fried Justin
37%
07 Brandish Myuh
29%
01 Dimaria Yester
27%
08 Mystogan
24%
10 Brain (Zero)
18%
05 Rufus Roy
10%
03 Rustyrose
8%
04 Ikaruga
4%
02 Jacob Lessio
2%
Aucun quiz correspondant
Distribution des résultats
% des personnes avec chaque résultat
Percentile par nombre de réponses
Votre historique - résultats
Vous n’avez pas pris ce quiz